Purec : (Record no. 23425)

000 -CABECERA
fixed length control field 02033nam a22003497a 4500
003 - IDENTIFICADOR DEL NÚMERO DE CONTROL
control field AR-CdUCM
008 - DATOS DE LONGITUD FIJA--INFORMACIÓN GENERAL
fixed length control field 251222b2024 pe ||||| |||| 00| 0 spa d
040 ## - FUENTE DE LA CATALOGACIÓN
Agencia/entidad que catalogó originalmente la obra MUNICIPALIDAD PROVINCIAL DEL CUSCO
Entidad que transcribió la catalogación BIBLIOTECA MUNICIPAL DEL CUSCO
082 ## - NÚMERO DE LA CLASIFICACIÓN DECIMAL DEWEY
No. de Clasificación 869.03 /
Notacion interna C78
100 ## - ENTRADA PRINCIPAL--NOMBRE DE PERSONA
Nombre Personal Corazao Chávez, Miguel.
245 ## - MENCIÓN DE TÍTULO
Título Purec :
Resto del título Caminando más allá del universo del Valle Sagrado de los Incas /
260 ## - PUBLICACIÓN, DISTRIBUCIÓN, ETC.
Nombre de la editorial, distribuidor, etc. Lezama
Fecha de publicación, distribución, etc. 2024
300 ## - DESCRIPCIÓN FÍSICA
Nº de Páginas Extensión 226 páginas. :
Dimensiones 15 x 22 cm.
505 ## - NOTA DE CONTENIDO CON FORMATO
Nota de contenido formateada Purec y Llachi -- Donato Sullca Puma -- El condenado -- Los misioneros -- El comerciante -- Los seres humanos y Mauro -- Pantaco -- Pahuachicuy -- Huaccay Ñahui -- Laguna encantada Arorayoc -- Auquina y Purec -- Yachachec -- Siembra de papa -- Juzgamiento -- Constructores -- Yachachec yaco -- Madre Illapa -- Canción a la naturaleza -- Aclla Vivi -- Serpiente venenosa -- Pepín -- Ccorisoncco -- Aristar -- Leyenda del origen del agua de Yanahuara -- Suerte del ccoe o cuy -- Tuyapata y Meche -- Puma -- Féretro vs Odre -- Ñaccacho -- Socca machu enamoradizo -- Huasi huacca -- Purec -- Cusco capital del Imperio Inca -- Lima -- Jesús y Manco Ccapac -- Anteproyencto de Leyes -- Asesor de Nina Fhuyo -- Incacha -- Asamblea de la naturaleza -- Espíritu -- Recorriendo su vida pasada....<br/>
650 ## - PUNTO DE ACCESO ADICIONAL DE MATERIA--TÉRMINO DE MATERIA
Descriptor Purec sumergido en pensamientos
9 (RLIN) 51898
650 ## - PUNTO DE ACCESO ADICIONAL DE MATERIA--TÉRMINO DE MATERIA
Descriptor Recorrido del campo
9 (RLIN) 51899
650 ## - PUNTO DE ACCESO ADICIONAL DE MATERIA--TÉRMINO DE MATERIA
Descriptor Laguna encantada
9 (RLIN) 51900
650 ## - PUNTO DE ACCESO ADICIONAL DE MATERIA--TÉRMINO DE MATERIA
Descriptor Narración de la historia del Socca
9 (RLIN) 51901
650 ## - PUNTO DE ACCESO ADICIONAL DE MATERIA--TÉRMINO DE MATERIA
Descriptor Visita de las inmediaciones
9 (RLIN) 51902
650 ## - PUNTO DE ACCESO ADICIONAL DE MATERIA--TÉRMINO DE MATERIA
Descriptor Mescla de alegría y placer
9 (RLIN) 51903
650 ## - PUNTO DE ACCESO ADICIONAL DE MATERIA--TÉRMINO DE MATERIA
Descriptor Normas morales
9 (RLIN) 51904
650 ## - PUNTO DE ACCESO ADICIONAL DE MATERIA--TÉRMINO DE MATERIA
Descriptor Semillas seleccionadas
9 (RLIN) 51905
650 ## - PUNTO DE ACCESO ADICIONAL DE MATERIA--TÉRMINO DE MATERIA
Descriptor construcción de viviendas
9 (RLIN) 51906
650 ## - PUNTO DE ACCESO ADICIONAL DE MATERIA--TÉRMINO DE MATERIA
Descriptor Presencia de Purec y Auquina
9 (RLIN) 51907
650 ## - PUNTO DE ACCESO ADICIONAL DE MATERIA--TÉRMINO DE MATERIA
Descriptor Efectos de falta de agua
9 (RLIN) 51908
650 ## - PUNTO DE ACCESO ADICIONAL DE MATERIA--TÉRMINO DE MATERIA
Descriptor Traslado a la ciudad inca
9 (RLIN) 51909
650 ## - PUNTO DE ACCESO ADICIONAL DE MATERIA--TÉRMINO DE MATERIA
Descriptor Viaje a Lima
9 (RLIN) 51910
650 ## - PUNTO DE ACCESO ADICIONAL DE MATERIA--TÉRMINO DE MATERIA
Descriptor Soluciones pragmáticas y realistas
9 (RLIN) 51911
942 ## - ELEMENTOS DE PUNTO DE ACCESO ADICIONAL (KOHA)
Fuente de clasificación
Tipo de item Libros-BMC
945 ## - PROCESAMIENTO DE INFORMACIÓN LOCAL (OCLC)
Catalogador jmcs
AAAA-MM-DD - Fecha de ingreso o modificacion 22/12/2025
Holdings
Estado de retiro (separado) Fuente de clasificación o esquema de estanterías Estado dañado Ubicación Sala donde se ubica Nombre de la colección Fecha de adquisición o compra Costo, precio normal en soles Signatura topográfica Código de Barras Última vez visto (Koha) Tipo de ítem (Koha)
No     Sala Humanidades Sala Humanidades Book Cart 2025-12-22 20.00 869.03 / C78 SH0000017036 2025-12-22 Libros-BMC

Powered by Koha